[Event "ENCI Limburg-open B"]
[Site "Maastricht"]
[Date "2012.05.25"]
[Round "1"]
[White "Alvarez Carbajales, Fermin"]
[Black "Sterck, Arno"]
[Result "1-0"]
[WhiteElo "1954"]
[BlackElo "1811"]
[PlyCount "81"]
[EventDate "2012.05.25"]
[EventType "swiss"]
[EventRounds "7"]
[EventCountry "NED"]
[Source "P.Boonen"]
[SourceDate "2013.01.01"]

1. e4 c5 2. Nc3 a6 3. g3 b5 4. Bg2 Bb7 5. d3 e6 6. Nh3 Be7 7. O-O d5 8. exd5
exd5 9. Re1 Nf6 10. Nf4 b4 11. Na4 O-O 12. c4 bxc3 13. bxc3 Bc6 14. d4 Qa5 15.
Nxc5 Bxc5 16. dxc5 Qxc5 17. Be3 Qa5 18. Bd4 Nbd7 19. Bh3 Ne4 20. Nh5 Ng5 21.
Bf5 f6 22. h4 Ne4 23. Qg4 Rf7 24. Be6 g6 25. Bxf7+ Kxf7 26. Nf4 Re8 27. f3 f5
28. Qh3 Nxc3 29. Rxe8 Kxe8 30. h5 Qb4 31. Re1+ Kd8 32. Qh4+ Kc8 33. Ne6 Kb7 34.
Nd8+ Kc7 35. Be5+ Nxe5 36. Qxb4 Nxf3+ 37. Kf2 Nxe1 38. Qxc3 Kxd8 39. Qxc6 Nd3+
40. Kf1 d4 41. Qb6+ 1-0

[Event "ENCI Limburg-open B"]
[Site "Maastricht"]
[Date "2012.05.25"]
[Round "1"]
[White "Bauchmueller, Franz Josef"]
[Black "Bondarchuk, Vadim"]
[Result "0-1"]
[WhiteElo "1841"]
[BlackElo "1985"]
[PlyCount "88"]
[EventDate "2012.05.25"]
[EventType "swiss"]
[EventRounds "7"]
[EventCountry "NED"]
[Source "P.Boonen"]
[SourceDate "2013.01.01"]

1. e4 e5 2. f4 d5 3. exd5 Nf6 4. c4 exf4 5. Nf3 c6 6. d4 cxd5 7. c5 Be7 8. Bd3
Nc6 9. Bxf4 Bg4 10. Be2 O-O 11. O-O Re8 12. Nc3 Ne4 13. Qb3 Bxf3 14. Bxf3 Nxd4
15. Qxd5 Nxc3 16. Qxd8 Raxd8 17. bxc3 Nxf3+ 18. Rxf3 Bxc5+ 19. Kf1 Rd7 20. Re1
Rxe1+ 21. Kxe1 Bb6 22. Ke2 Kf8 23. h4 h5 24. Rg3 Re7+ 25. Kd2 Rd7+ 26. Ke2 g6
27. Rd3 Rxd3 28. Kxd3 Ke7 29. Ke4 Ke6 30. c4 Bf2 31. g3 f6 32. Kf3 Bc5 33. a4
Kf5 34. Bc7 g5 35. Bb8 g4+ 36. Ke2 Ke4 37. Bf4 Bd4 38. Bd2 Be5 39. Be1 a6 40.
Bf2 f5 41. Be3 f4 42. gxf4 Bxf4 43. Bxf4 Kxf4 44. Kf2 Ke4 0-1

[Event "ENCI Limburg-open B"]
[Site "Maastricht"]
[Date "2012.05.25"]
[Round "1"]
[White "Blijlevens, Pim"]
[Black "Erin, Igor"]
[Result "1-0"]
[WhiteElo "1920"]
[BlackElo "1748"]
[PlyCount "109"]
[EventDate "2012.05.25"]
[EventType "swiss"]
[EventRounds "7"]
[EventCountry "NED"]
[Source "P.Boonen"]
[SourceDate "2013.01.01"]

1. d4 e6 2. c4 a6 3. e4 d5 4. Nc3 dxe4 5. Nxe4 Nf6 6. Nc3 Nc6 7. Nf3 Be7 8. g3
O-O 9. Bg2 Bd7 10. O-O Rb8 11. Qe2 Re8 12. h3 h6 13. a3 Nh7 14. Rd1 Ng5 15. Ne5
Bf6 16. h4 Nh7 17. Nxc6 Bxc6 18. Bxc6 bxc6 19. Qe4 Qd7 20. b4 Rbd8 21. Be3 Nf8
22. Kg2 Ng6 23. f4 Ne7 24. Bf2 Nf5 25. Ne2 Nd6 26. Qc2 Nf5 27. Rab1 Qc8 28. Qe4
Qd7 29. Ng1 Nd6 30. Qc2 Qe7 31. Nf3 Nf5 32. Ne5 Bxe5 33. fxe5 Kh8 34. Qe4 g5
35. h5 Qd7 36. g4 Ng7 37. Qf3 Qe7 38. Qxc6 f5 39. exf6 Qxf6 40. Rd3 Rf8 41. Rf3
Qe7 42. Rbb3 Rf4 43. Rxf4 gxf4 44. Qc5 Qf7 45. Qe5 Kg8 46. Rf3 Rf8 47. Bg3 Qd7
48. Rxf4 Qc6+ 49. Kh2 Rxf4 50. Bxf4 Qxc4 51. Bxh6 Qc2+ 52. Kg3 Qd3+ 53. Kh4 Qh7
54. Qxg7+ Qxg7 55. Bxg7 1-0

[Event "ENCI Limburg-open B"]
[Site "Maastricht"]
[Date "2012.05.25"]
[Round "1"]
[White "Blom, Huub"]
[Black "Roefe, Detlef"]
[Result "0-1"]
[WhiteElo "1846"]
[BlackElo "1993"]
[PlyCount "56"]
[EventDate "2012.05.25"]
[EventType "swiss"]
[EventRounds "7"]
[EventCountry "NED"]
[Source "P.Boonen"]
[SourceDate "2013.01.01"]

1. e4 c5 2. Nc3 e6 3. g3 d6 4. Bg2 Nf6 5. d3 Be7 6. f4 a6 7. Nf3 Qc7 8. O-O O-O
9. h3 Nbd7 10. Be3 Rb8 11. Qd2 b5 12. g4 d5 13. Bf2 b4 14. Ne2 dxe4 15. Ng5
exd3 16. Qxd3 Bb7 17. Bg3 Bxg2 18. Kxg2 Qc6+ 19. Kh2 h6 20. Nf3 Rbd8 21. Qe3
Nd5 22. Qf2 N7f6 23. Ne5 Qb5 24. Rad1 Ne4 25. Qf3 Nxg3 26. Kxg3 Bf6 27. h4 Bxe5
28. fxe5 Qb8 0-1

[Event "ENCI Limburg-open B"]
[Site "Maastricht"]
[Date "2012.05.25"]
[Round "1"]
[White "Braam, Marco"]
[Black "Begri, Felix"]
[Result "1/2-1/2"]
[WhiteElo "1707"]
[BlackElo "1893"]
[PlyCount "69"]
[EventDate "2012.05.25"]
[EventType "swiss"]
[EventRounds "7"]
[EventCountry "NED"]
[Source "P.Boonen"]
[SourceDate "2013.01.01"]

1. e4 c5 2. Nc3 d6 3. g3 Nf6 4. Bg2 g6 5. d3 Bg7 6. Be3 Qb6 7. Rb1 Ng4 8. Nd5
Qc6 9. Bg5 f6 10. e5 fxg5 11. Nf6+ exf6 12. Bxc6+ Nxc6 13. exf6 Nxf6 14. Nf3
O-O 15. c3 Bg4 16. Qb3+ d5 17. Nxg5 Rae8+ 18. Kf1 Be2+ 19. Kg2 h6 20. Nh3 Bxd3
21. Rbe1 Ne5 22. f3 g5 23. Nf2 c4 24. Qb5 g4 25. fxg4 a6 26. Qxb7 Rb8 27. Qxa6
Ne4 28. Nd1 Rf6 29. Qa5 Rxb2+ 30. Nxb2 Rf2+ 31. Kh3 Ng5+ 32. Kh4 Ngf3+ 33. Kh3
Ng5+ 34. Kh4 Ngf3+ 35. Kh3 1/2-1/2

[Event "ENCI Limburg-open B"]
[Site "Maastricht"]
[Date "2012.05.25"]
[Round "1"]
[White "Bruls, Peter"]
[Black "Klein, Gernot"]
[Result "0-1"]
[WhiteElo "1833"]
[BlackElo "1971"]
[PlyCount "36"]
[EventDate "2012.05.25"]
[EventType "swiss"]
[EventRounds "7"]
[EventCountry "NED"]
[Source "P.Boonen"]
[SourceDate "2013.01.01"]

1. c4 e6 2. d4 d5 3. e3 c6 4. Nf3 Bd6 5. Nc3 f5 6. Nd2 Nf6 7. f4 O-O 8. Bd3
Nbd7 9. O-O b6 10. Nf3 Ne4 11. Ne5 Bb7 12. cxd5 Nxc3 13. bxc3 cxd5 14. c4 Rc8
15. Nxd7 Qxd7 16. Qb3 Kh8 17. Bb2 dxc4 18. Bxc4 Qc6 0-1

[Event "ENCI Limburg-open B"]
[Site "Maastricht"]
[Date "2012.05.25"]
[Round "1"]
[White "Cebula, Jerzy"]
[Black "Wambach, Patrick"]
[Result "1-0"]
[WhiteElo "1993"]
[BlackElo "1847"]
[PlyCount "58"]
[EventDate "2012.05.25"]
[EventType "swiss"]
[EventRounds "7"]
[EventCountry "NED"]
[Source "P.Boonen"]
[SourceDate "2013.01.01"]

1. e4 d6 2. d4 Nf6 3. Nc3 g6 4. f4 Bg7 5. Nf3 O-O 6. Bd3 Nbd7 7. e5 Ne8 8. Ne4
c5 9. c3 cxd4 10. cxd4 Nb6 11. O-O Nc7 12. Kh1 Bf5 13. Qe2 d5 14. Nc5 Bxd3 15.
Qxd3 Qc8 16. Bd2 Nc4 17. Bc3 Nb5 18. b3 Nxc3 19. Qxc3 Nb6 20. Rac1 Nd7 21. Na4
Qxc3 22. Nxc3 Nb6 23. a4 e6 24. Nb5 Nc8 25. Rc7 Bh6 26. g3 f6 27. Rxb7 Rf7 28.
Nc7 Nb6 29. a5 Na4 1-0

[Event "ENCI Limburg-open B"]
[Site "Maastricht"]
[Date "2012.05.25"]
[Round "1"]
[White "Coenen, Siegfried"]
[Black "Willen, Ronny"]
[Result "1-0"]
[WhiteElo "1997"]
[BlackElo "1876"]
[PlyCount "53"]
[EventDate "2012.05.25"]
[EventType "swiss"]
[EventRounds "7"]
[EventCountry "NED"]
[Source "P.Boonen"]
[SourceDate "2013.01.01"]

1. e4 c5 2. Nc3 Nc6 3. Nf3 g6 4. d4 cxd4 5. Nxd4 Bg7 6. Be3 Nf6 7. f3 d6 8. Qd2
O-O 9. O-O-O d5 10. Nxc6 bxc6 11. exd5 Nxd5 12. Nxd5 cxd5 13. Qxd5 Qc7 14. Qc5
Qb7 15. b3 Bf5 16. Bd3 Rfc8 17. Qa5 Bxd3 18. Rxd3 Qc6 19. c4 Qf6 20. Bd4 Qf4+
21. Qd2 Qxd2+ 22. Kxd2 e5 23. Bc3 a5 24. a4 f5 25. Rd5 Rd8 26. Rxd8+ Rxd8+ 27.
Kc2 1-0

[Event "ENCI Limburg-open B"]
[Site "Maastricht"]
[Date "2012.05.25"]
[Round "1"]
[White "Cornelius, Jorg"]
[Black "Schloemer, Armin"]
[Result "0-1"]
[WhiteElo "2036"]
[BlackElo "1881"]
[PlyCount "72"]
[EventDate "2012.05.25"]
[EventType "swiss"]
[EventRounds "7"]
[EventCountry "NED"]
[Source "P.Boonen"]
[SourceDate "2013.01.01"]

1. e4 c5 2. d4 cxd4 3. c3 Nf6 4. e5 Nd5 5. cxd4 d6 6. Nf3 Nc6 7. exd6 Qxd6 8.
Nc3 Bg4 9. Be2 e6 10. O-O Be7 11. h3 Bh5 12. Ne4 Qc7 13. Qa4 O-O 14. Rd1 Rfd8
15. Ng3 Bg6 16. a3 Nb6 17. Qb3 Na5 18. Qc3 Qxc3 19. bxc3 Nb3 20. Ra2 Rac8 21.
Be3 Rxc3 22. Ne5 Bc2 23. Re1 f6 24. Nf3 Nd5 25. Nf1 Rdc8 26. Bd1 Bxd1 27. Rxd1
Nxe3 28. Nxe3 Bd6 29. Kf1 Bf4 30. d5 Bxe3 31. fxe3 exd5 32. Rxd5 Rxe3 33. Rd7
Nc5 34. Rc2 Rxa3 35. Rxb7 Ra1+ 36. Ne1 Rxe1+ 0-1

[Event "ENCI Limburg-open B"]
[Site "Maastricht"]
[Date "2012.05.25"]
[Round "1"]
[White "Cromsigt, Jeroen"]
[Black "Heijenrath, Jan"]
[Result "1/2-1/2"]
[WhiteElo "1934"]
[BlackElo "1759"]
[PlyCount "109"]
[EventDate "2012.05.25"]
[EventType "swiss"]
[EventRounds "7"]
[EventCountry "NED"]
[Source "P.Boonen"]
[SourceDate "2013.01.01"]

1. e4 d5 2. exd5 Nf6 3. d4 Nxd5 4. Nf3 Bg4 5. Be2 c6 6. c4 Nf6 7. Nc3 g6 8. Be3
Bg7 9. Qd2 O-O 10. h3 Bxf3 11. Bxf3 Re8 12. O-O-O Qc8 13. g4 Na6 14. Bg2 Rb8
15. f4 b5 16. g5 b4 17. Ne2 Nd7 18. c5 Qb7 19. h4 Qb5 20. h5 Qc4+ 21. Kb1 b3
22. a3 Qc2+ 23. Qxc2 bxc2+ 24. Kxc2 Ndxc5 25. hxg6 hxg6 26. b4 Nd7 27. Bxc6
Rec8 28. d5 e6 29. Kd2 Nb6 30. Bxb6 Rxb6 31. Ke3 exd5 32. Bxd5 Re8+ 33. Kf3 Nc7
34. Ba2 Bb2 35. Rd7 Ne6 36. Rxa7 Rd6 37. Bc4 Rc8 38. Bb5 Rb8 39. Bc4 Rc8 40.
Ba6 Rcc6 41. Bb5 Rb6 42. Bc4 Rd8 43. Rb1 Bg7 44. a4 Bf8 45. b5 Bc5 46. Rc1 Rbd6
47. Rb7 Bb4 48. Bxe6 Rxe6 49. Rc4 Rd3+ 50. Kf2 Rd2 51. Rxb4 Rexe2+ 52. Kf3 Rf2+
53. Ke3 Rfe2+ 54. Kf3 Rf2+ 55. Ke3 1/2-1/2

[Event "ENCI Limburg-open B"]
[Site "Maastricht"]
[Date "2012.05.25"]
[Round "1"]
[White "De Ridder, Naomi"]
[Black "Freer, Glenn"]
[Result "1/2-1/2"]
[WhiteElo "1747"]
[BlackElo "1913"]
[PlyCount "59"]
[EventDate "2012.05.25"]
[EventType "swiss"]
[EventRounds "7"]
[EventCountry "NED"]
[Source "P.Boonen"]
[SourceDate "2013.01.01"]

1. e4 d6 2. d4 Nf6 3. Nc3 g6 4. Bc4 Nbd7 5. Nf3 Nb6 6. Bb3 c6 7. Be3 h6 8. Qd2
Bg7 9. O-O Bg4 10. e5 Nfd5 11. exd6 exd6 12. Nxd5 cxd5 13. Qe2 O-O 14. h3 Bd7
15. Bf4 Bc6 16. Qd2 Kh7 17. Rfe1 Qd7 18. Nh2 Rad8 19. Ng4 h5 20. Ne3 Rfe8 21.
Rad1 Re4 22. Bg3 Rxd4 23. Qxd4 Bxd4 24. Rxd4 Qe7 25. Red1 Qf6 26. c3 Re8 27.
Rf4 Qe6 28. Rfd4 Qf6 29. Rf4 Qe6 30. Rfd4 1/2-1/2

[Event "ENCI Limburg-open B"]
[Site "Maastricht"]
[Date "2012.05.25"]
[Round "1"]
[White "Dorr, Yannick"]
[Black "Mischke, Daniel"]
[Result "1-0"]
[WhiteElo "1902"]
[BlackElo "1718"]
[PlyCount "47"]
[EventDate "2012.05.25"]
[EventType "swiss"]
[EventRounds "7"]
[EventCountry "NED"]
[Source "P.Boonen"]
[SourceDate "2013.01.01"]

1. e4 c5 2. Nf3 Nc6 3. d4 cxd4 4. Nxd4 Qb6 5. Nxc6 bxc6 6. Nc3 e5 7. Bd3 Nf6 8.
O-O Be7 9. b3 O-O 10. Kh1 d6 11. Be3 Qc7 12. Qf3 Be6 13. Bg5 Ng4 14. Bxe7 Qxe7
15. h3 Nf6 16. Ne2 Rfd8 17. Ng3 g6 18. Rfe1 Rac8 19. Rad1 Rd7 20. Qe3 Kg7 21.
f4 Rdc7 22. f5 Bd7 23. Qg5 Ng8 24. f6+ 1-0

[Event "ENCI Limburg-open B"]
[Site "Maastricht"]
[Date "2012.05.25"]
[Round "1"]
[White "Esser, Thomas"]
[Black "Coenen, Bert"]
[Result "0-1"]
[WhiteElo "1985"]
[BlackElo "1835"]
[PlyCount "74"]
[EventDate "2012.05.25"]
[EventType "swiss"]
[EventRounds "7"]
[EventCountry "NED"]
[Source "P.Boonen"]
[SourceDate "2013.01.01"]

1. e4 c5 2. c3 d5 3. exd5 Qxd5 4. d4 Nc6 5. Nf3 Bg4 6. dxc5 Qxc5 7. Be3 Qa5 8.
Nbd2 e6 9. Qb3 Qc7 10. h3 Bh5 11. Bb5 Nf6 12. O-O Be7 13. Rfe1 O-O 14. Bg5 h6
15. Bh4 Rad8 16. Bg3 Bd6 17. Bxd6 Rxd6 18. Bxc6 bxc6 19. Nc4 Rb8 20. Qc2 Bg6
21. Qa4 Rdd8 22. Nfe5 Be4 23. b4 Rb5 24. f3 Bd3 25. Rad1 Rbd5 26. Qxc6 Qb8 27.
Nxd3 Rxd3 28. Rxd3 Rxd3 29. Ne5 Rd2 30. a4 Qd8 31. Qb7 Nd7 32. Qxa7 Qg5 33.
Qa8+ Kh7 34. Ng4 f5 35. Nf2 Nf6 36. g4 Qh4 37. Nd3 Qg3+ 0-1

[Event "ENCI Limburg-open B"]
[Site "Maastricht"]
[Date "2012.05.25"]
[Round "1"]
[White "Gerlagh, Joris"]
[Black "Staudte, Rainer"]
[Result "0-1"]
[WhiteElo "1777"]
[BlackElo "1954"]
[PlyCount "87"]
[EventDate "2012.05.25"]
[EventType "swiss"]
[EventRounds "7"]
[EventCountry "NED"]
[Source "P.Boonen"]
[SourceDate "2013.01.01"]

1. e4 c5 2. Nc3 Nc6 3. d3 Nf6 4. g3 d6 5. Bg2 Rb8 6. f4 Bg4 7. Nf3 Nd4 8. h3
Bxf3 9. Bxf3 Nxf3+ 10. Qxf3 e6 11. g4 Be7 12. Bd2 b5 13. f5 b4 14. Ne2 Nd7 15.
Bf4 Bh4+ 16. Kf1 e5 17. Bg3 Bxg3 18. Qxg3 Qe7 19. Kg2 f6 20. Nc1 a5 21. Nb3 a4
22. Na5 Rb6 23. Nc4 Rb7 24. Rhc1 O-O 25. h4 Nb6 26. Ne3 Rd8 27. g5 d5 28. gxf6
Qxf6 29. Ng4 Qd6 30. Rf1 Kh8 31. f6 dxe4 32. f7 exd3 33. Nxe5 Rf8 34. h5 Qd5+
35. Kh2 Nc4 36. Rae1 d2 37. Rg1 Rbxf7 38. Nxf7+ Qxf7 39. Re4 d1=Q 40. Rxd1
Qxh5+ 41. Qh4 Qxd1 42. Rxc4 Qe2+ 43. Kh3 Rf3+ 44. Kg4 0-1

[Event "ENCI Limburg-open B"]
[Site "Maastricht"]
[Date "2012.05.25"]
[Round "1"]
[White "Goes, Dirk"]
[Black "Corvers, John"]
[Result "0-1"]
[WhiteElo "1954"]
[BlackElo "1787"]
[PlyCount "92"]
[EventDate "2012.05.25"]
[EventType "swiss"]
[EventRounds "7"]
[EventCountry "NED"]
[Source "P.Boonen"]
[SourceDate "2013.01.01"]

1. d4 f5 2. Nc3 Nf6 3. Bg5 e6 4. g4 Be7 5. gxf5 exf5 6. Bg2 c6 7. e3 d5 8. Bxf6
Bxf6 9. Qd3 O-O 10. O-O-O g6 11. Nge2 Bh4 12. Nf4 Bxf2 13. h4 Re8 14. Rh3 Bxh4
15. Rdh1 g5 16. Qe2 Be6 17. Qh5 Bf7 18. Qh6 Qe7 19. e4 Qf8 20. Qxf8+ Kxf8 21.
exd5 Kg7 22. Na4 cxd5 23. Nxd5 Na6 24. Ne3 Kg6 25. Bxb7 Nb4 26. Bxa8 Rxa8 27.
a3 Nd5 28. Ng2 Nf6 29. Nxh4+ gxh4 30. Rxh4 h5 31. Nc5 Bd5 32. Re1 Kg5 33. Rh2
Ng4 34. Rd2 h4 35. Ne6+ Bxe6 36. Rxe6 h3 37. Re7 h2 38. Rh7 Kf4 39. c4 Re8 40.
Rhxh2 Nxh2 41. Rxh2 Kg3 42. Rh5 f4 43. Kd2 f3 44. Rf5 Re2+ 45. Kc3 f2 46. d5
Re3+ 0-1

[Event "ENCI Limburg-open B"]
[Site "Maastricht"]
[Date "2012.05.25"]
[Round "1"]
[White "Holwijn, Melvin"]
[Black "Meul, Willi"]
[Result "1/2-1/2"]
[WhiteElo "2025"]
[BlackElo "1879"]
[PlyCount "66"]
[EventDate "2012.05.25"]
[EventType "swiss"]
[EventRounds "7"]
[EventCountry "NED"]
[Source "P.Boonen"]
[SourceDate "2013.01.01"]

1. d4 Nf6 2. c4 g6 3. Nc3 d5 4. Bf4 c6 5. Nf3 Bg7 6. e3 O-O 7. Bd3 Nbd7 8. h3
dxc4 9. Bxc4 Nb6 10. Bd3 Be6 11. Ng5 Bc4 12. Bxc4 Nxc4 13. Qe2 Nb6 14. O-O h6
15. Nf3 e6 16. e4 Qe7 17. Rfd1 Rfd8 18. a4 Rac8 19. a5 Nbd7 20. Ne5 Nxe5 21.
Bxe5 Ne8 22. Bxg7 Kxg7 23. e5 Qb4 24. Ra4 Qe7 25. Ne4 Rd5 26. Nc5 Qc7 27. Rda1
Rcd8 28. Qe3 Kh8 29. Rb4 b6 30. axb6 axb6 31. Nb3 c5 32. dxc5 bxc5 33. Rb5 Rxe5
1/2-1/2

[Event "ENCI Limburg-open B"]
[Site "Maastricht"]
[Date "2012.05.25"]
[Round "1"]
[White "Huebben, Dominik"]
[Black "Drose, Daniela"]
[Result "1-0"]
[WhiteElo "1820"]
[BlackElo "1964"]
[PlyCount "71"]
[EventDate "2012.05.25"]
[EventType "swiss"]
[EventRounds "7"]
[EventCountry "NED"]
[Source "P.Boonen"]
[SourceDate "2013.01.01"]

1. e4 d5 2. exd5 Qxd5 3. Nc3 Qd6 4. Bc4 Nf6 5. d4 a6 6. Nf3 Bg4 7. h3 Bxf3 8.
Qxf3 Nc6 9. Be3 e6 10. O-O Be7 11. Rad1 Qb4 12. Bb3 O-O 13. a3 Qa5 14. d5 Ne5
15. Qg3 Bd6 16. dxe6 fxe6 17. Bxe6+ Kh8 18. Qg5 Rae8 19. Bb3 h6 20. Qh4 Ng6 21.
Qa4 Qe5 22. Rxd6 Qxd6 23. Rd1 Qe5 24. Qb4 b6 25. Qc4 b5 26. Qc6 Ne4 27. Qxg6
Nxc3 28. bxc3 Rf6 29. Qg4 c5 30. Rd7 Rd6 31. Rxd6 Qxd6 32. Bf7 Rf8 33. Qh5 Qf6
34. Bg6 Qxc3 35. Bxh6 Qe1+ 36. Kh2 1-0

[Event "ENCI Limburg-open B"]
[Site "Maastricht"]
[Date "2012.05.25"]
[Round "1"]
[White "Kremer, Nadine"]
[Black "Bieberle, Gerhart"]
[Result "1-0"]
[WhiteElo "1690"]
[BlackElo "1887"]
[PlyCount "81"]
[EventDate "2012.05.25"]
[EventType "swiss"]
[EventRounds "7"]
[EventCountry "NED"]
[Source "P.Boonen"]
[SourceDate "2013.01.01"]

1. e4 g6 2. d4 Bg7 3. Nc3 d6 4. Be3 Nf6 5. Qd2 O-O 6. Be2 b6 7. Bh6 c5 8. d5
Nbd7 9. h4 Ne5 10. h5 Neg4 11. Bxg7 Kxg7 12. Bxg4 Bxg4 13. f3 Bxh5 14. g4 Bxg4
15. fxg4 Nxg4 16. Qg5 Nf6 17. Qh6+ Kh8 18. Nf3 Rg8 19. Ng5 Rg7 20. O-O-O Qg8
21. Rdf1 Nh5 22. Rf3 a6 23. Ne2 e6 24. dxe6 fxe6 25. Rhf1 Qe8 26. Rf7 Qg8 27.
R1f3 Qe8 28. Kd2 e5 29. Rf8+ Qxf8 30. Rxf8+ Rxf8 31. Ne6 Re8 32. Nxg7 Nxg7 33.
Qh4 Nh5 34. Nc3 Kg7 35. Nd5 h6 36. Nc7 Rb8 37. Qe7+ Kh8 38. Ne6 Rg8 39. Qxd6
Kh7 40. Nf8+ Kg7 41. Qe7+ 1-0

[Event "ENCI Limburg-open B"]
[Site "Maastricht"]
[Date "2012.05.25"]
[Round "1"]
[White "Kronseder, Michael"]
[Black "Van der Velde, Wytse"]
[Result "0-1"]
[WhiteElo "1754"]
[BlackElo "1934"]
[PlyCount "52"]
[EventDate "2012.05.25"]
[EventType "swiss"]
[EventRounds "7"]
[EventCountry "NED"]
[Source "P.Boonen"]
[SourceDate "2013.01.01"]

1. d4 f5 2. e4 fxe4 3. Nc3 Nf6 4. Bg5 Nc6 5. Bxf6 exf6 6. d5 Ne5 7. Nxe4 f5 8.
Ng3 g6 9. Nxf5 gxf5 10. Qh5+ Nf7 11. O-O-O Qg5+ 12. Qxg5 Nxg5 13. Re1+ Kf7 14.
h4 Ne4 15. Nh3 Bh6+ 16. f4 Ng3 17. Rh2 Nxf1 18. Rxf1 d6 19. Ng5+ Kf6 20. g3 Bd7
21. Re2 Rae8 22. Rxe8 Bxe8 23. Ne6 Bd7 24. Nxc7 Rc8 25. Ne6 Bxe6 26. dxe6 Rg8
0-1

[Event "ENCI Limburg-open B"]
[Site "Maastricht"]
[Date "2012.05.25"]
[Round "1"]
[White "Kuck, Ulrich"]
[Black "Santiago, Gerardo"]
[Result "1-0"]
[WhiteElo "1898"]
[BlackElo "1714"]
[PlyCount "105"]
[EventDate "2012.05.25"]
[EventType "swiss"]
[EventRounds "7"]
[EventCountry "NED"]
[Source "P.Boonen"]
[SourceDate "2013.01.01"]

1. e4 e5 2. d4 exd4 3. Nf3 Nc6 4. Bc4 Nf6 5. O-O Nxe4 6. Re1 d5 7. Bxd5 Qxd5 8.
Nc3 Qa5 9. Nxe4 Be6 10. Bd2 Qh5 11. Bg5 Be7 12. Bxe7 Nxe7 13. Nxd4 Bg4 14. f3
Bd7 15. Nf2 Qh4 16. Qe2 O-O-O 17. Qxe7 Qxd4 18. c3 Qf6 19. Qxf6 gxf6 20. Ne4
Be6 21. Nxf6 Rd2 22. b3 h5 23. Ne4 Rc2 24. Red1 Rg8 25. Rd2 Rxd2 26. Nxd2 Bh3
27. g3 h4 28. Kf2 hxg3+ 29. hxg3 Bf5 30. Re1 Rh8 31. Re5 Be6 32. Ra5 Rh2+ 33.
Ke3 a6 34. Ne4 f5 35. Ng5 Bd7 36. c4 Kd8 37. Nf7+ Ke7 38. Ne5 Bc8 39. Ng6+ Kf6
40. Nf4 c6 41. Ne2 Rh1 42. Kf4 b6 43. Re5 Re1 44. Re3 c5 45. Nc3 Rxe3 46. Nd5+
Kf7 47. Nxe3 b5 48. Nxf5 Kf6 49. Nd6 Be6 50. Ne4+ Ke7 51. Nxc5 bxc4 52. Nxe6
cxb3 53. axb3 1-0

[Event "ENCI Limburg-open B"]
[Site "Maastricht"]
[Date "2012.05.25"]
[Round "1"]
[White "Lemmen, Raoul"]
[Black "Bex, Lennert"]
[Result "1/2-1/2"]
[WhiteElo "1907"]
[BlackElo "1739"]
[PlyCount "98"]
[EventDate "2012.05.25"]
[EventType "swiss"]
[EventRounds "7"]
[EventCountry "NED"]
[Source "P.Boonen"]
[SourceDate "2013.01.01"]

1. d4 d6 2. c4 e5 3. d5 Be7 4. e4 f5 5. Nc3 Nf6 6. Bd3 fxe4 7. Nxe4 Nbd7 8. Ne2
Nxe4 9. Bxe4 Nf6 10. Ng3 Nxe4 11. Nxe4 O-O 12. O-O Bf5 13. f3 Qe8 14. Bd2 Qg6
15. Qe2 Rab8 16. a4 c6 17. Rac1 Bd8 18. Rfd1 Bb6+ 19. Kh1 Bd4 20. Bc3 Bxc3 21.
Nxc3 c5 22. b3 h5 23. Re1 Rfe8 24. Ne4 a6 25. Ra1 Bxe4 26. Qxe4 Qxe4 27. Rxe4
b5 28. axb5 axb5 29. g4 hxg4 30. Rxg4 Rf8 31. Kg2 bxc4 32. bxc4 Rb2+ 33. Kg3
Rc2 34. Ra7 Rf7 35. Ra8+ Kh7 36. Rd8 Rc3 37. Rh4+ Kg6 38. Rxd6+ Rf6 39. Rxf6+
gxf6 40. Rg4+ Kf7 41. h4 f5 42. Rg5 Kf6 43. Rh5 Rxc4 44. Rh6+ Kf7 45. Rc6 Rc1
46. h5 e4 47. fxe4 fxe4 48. Kf4 c4 49. Kxe4 c3 1/2-1/2

[Event "ENCI Limburg-open B"]
[Site "Maastricht"]
[Date "2012.05.25"]
[Round "1"]
[White "Lentjes, Noud"]
[Black "Uckerman, John"]
[Result "1-0"]
[WhiteElo "1940"]
[BlackElo "1762"]
[PlyCount "47"]
[EventDate "2012.05.25"]
[EventType "swiss"]
[EventRounds "7"]
[EventCountry "NED"]
[Source "P.Boonen"]
[SourceDate "2013.01.01"]

1. e4 e5 2. Nf3 d6 3. d4 Nd7 4. Nc3 Ngf6 5. h3 h6 6. Be3 Be7 7. Qd2 c6 8. Bd3
g5 9. O-O-O Qa5 10. Kb1 a6 11. g4 b5 12. h4 Nxg4 13. hxg5 exd4 14. Bxd4 Nde5
15. Bxe5 Nxe5 16. Nxe5 dxe5 17. Rxh6 Rg8 18. g6 Be6 19. gxf7+ Bxf7 20. Rxc6 b4
21. Nd5 Bxd5 22. exd5 Bg5 23. Qe2 Bf4 24. Qh5+ 1-0

[Event "ENCI Limburg-open B"]
[Site "Maastricht"]
[Date "2012.05.25"]
[Round "1"]
[White "Loose, Rob"]
[Black "Freer, Robert"]
[Result "1/2-1/2"]
[WhiteElo "1970"]
[BlackElo "1830"]
[PlyCount "60"]
[EventDate "2012.05.25"]
[EventType "swiss"]
[EventRounds "7"]
[EventCountry "NED"]
[Source "P.Boonen"]
[SourceDate "2013.01.01"]

1. e4 e6 2. d4 d5 3. Nc3 Bb4 4. e5 c5 5. a3 Bxc3+ 6. bxc3 Ne7 7. Qg4 O-O 8. Bd3
f5 9. exf6 Rxf6 10. Bg5 Rf7 11. Qh4 h6 12. Bd2 Nbc6 13. Nf3 c4 14. Be2 Qc7 15.
Qg3 Qxg3 16. hxg3 Ng6 17. O-O-O b5 18. Be3 a5 19. Kd2 b4 20. Ra1 bxc3+ 21. Kxc3
Rb7 22. Rhb1 Rab8 23. Rxb7 Rxb7 24. Ra2 Na7 25. Kd2 Bd7 26. Kc1 Nb5 27. Bd2 a4
28. Bb4 Nc7 29. c3 Ne8 30. Ne5 Nxe5 1/2-1/2

[Event "ENCI Limburg-open B"]
[Site "Maastricht"]
[Date "2012.05.25"]
[Round "1"]
[White "Moog, Gerhard"]
[Black "Tutenel, Erik"]
[Result "1-0"]
[WhiteElo "1964"]
[BlackElo "1819"]
[PlyCount "57"]
[EventDate "2012.05.25"]
[EventType "swiss"]
[EventRounds "7"]
[EventCountry "NED"]
[Source "P.Boonen"]
[SourceDate "2013.01.01"]

1. e4 e5 2. Nf3 Nc6 3. Bb5 a6 4. Bxc6 dxc6 5. h3 Bd6 6. d3 Ne7 7. Nc3 Ng6 8.
Be3 O-O 9. Qd2 f5 10. exf5 Bxf5 11. O-O-O b5 12. Ne4 a5 13. Qc3 Qe8 14. Nfg5 h6
15. g4 Bd7 16. Nxd6 cxd6 17. Ne4 b4 18. Qd2 Qe6 19. Kb1 Rfb8 20. f4 Ne7 21. f5
Qd5 22. f6 Be6 23. b3 a4 24. fxg7 Kxg7 25. Bxh6+ Kh8 26. Qg5 Rg8 27. Qf6+ Kh7
28. Qxe7+ Kxh6 29. g5+ 1-0

[Event "ENCI Limburg-open B"]
[Site "Maastricht"]
[Date "2012.05.25"]
[Round "1"]
[White "Paajala, Niki"]
[Black "Behr, Rene Christian"]
[Result "0-1"]
[WhiteElo "1967"]
[BlackElo "1820"]
[PlyCount "54"]
[EventDate "2012.05.25"]
[EventType "swiss"]
[EventRounds "7"]
[EventCountry "NED"]
[Source "P.Boonen"]
[SourceDate "2013.01.01"]

1. e4 c5 2. Nc3 Nc6 3. g3 g6 4. Bg2 Bg7 5. d3 e6 6. Be3 Nd4 7. Qd2 Nf6 8. Nd1
Ng4 9. c3 Nxe3 10. Nxe3 Nc6 11. f4 b5 12. Nf3 Bb7 13. g4 h5 14. h3 Qc7 15. Nc2
hxg4 16. hxg4 Rxh1+ 17. Bxh1 c4 18. dxc4 Na5 19. Na3 Nxc4 20. Nxc4 Qxc4 21.
O-O-O Rd8 22. Nd4 Qxa2 23. f5 gxf5 24. gxf5 b4 25. fxe6 dxe6 26. Qg5 bxc3 27.
Qb5+ Rd7 0-1